Polskie miasta z satelity #4 - Statystyki

Ogólne statystyki
  • Ten quiz został rozwiązany 34 razy
  • Średni wynik to 5 z 16
Statystyki odpowiedzi
Obrazkowy Odpowiedź % Poprawnych
Warszawa
100%
Ełk
43%
Grudziądz
39%
Zamość
32%
Bielsko-Biała
29%
Bytom
29%
Opole
25%
Elbląg
21%
Koszalin
21%
Ruda Śląska
21%
Legnica
18%
Ostrów Wielkopolski
18%
Tarnów
18%
Inowrocław
14%
Piła
14%
Siedlce
11%
Nie znaleziono quizów pasujących do podanych kryteriów
Rozkład punktacji
Procent ludzi z każdym wynikiem
Percentyl według liczby udzielonych odpowiedzi
Twoja historia wyników
Nie rozwiązałeś tego quizu